| Tag |
First Indicator |
Second Indicator |
Subfields |
| LEADER |
00000cam a2200000 a 4500 |
| 001 |
in00000025927 |
| 005 |
20151007055734.0 |
| 008 |
870618s1988 nyua b 00100 eng |
| 010 |
|
|
|a 87016885
|
| 020 |
|
|
|a 0070649529 :
|c $69.95
|
| 035 |
|
|
|a (OCoLC)16131735
|
| 035 |
|
|
|9 AAB9116AM
|
| 040 |
|
|
|a DLC
|c DLC
|d TXA
|d UtOrBLW
|
| 049 |
|
|
|a TXAM
|c [A11090227]
|
| 050 |
0 |
0 |
|a HF5485
|b .W35 1988
|
| 082 |
0 |
|
|a 658.7/85
|2 19
|
| 245 |
0 |
4 |
|a The Warehouse management handbook /
|c James A. Tompkins and Jerry D. Smith, editors-in-chief.
|
| 264 |
|
1 |
|a New York :
|b McGraw-Hill,
|c [1988]
|
| 264 |
|
4 |
|c ©1988
|
| 300 |
|
|
|a xiv, 702 pages :
|b illustrations ;
|c 24 cm.
|
| 336 |
|
|
|a text
|b txt
|2 rdacontent
|
| 337 |
|
|
|a unmediated
|b n
|2 rdamedia
|
| 338 |
|
|
|a volume
|b nc
|2 rdacarrier
|
| 504 |
|
|
|a Includes bibliographies and index.
|
| 650 |
|
0 |
|a Warehouses
|x Management.
|
| 700 |
1 |
|
|a Tompkins, James A.
|
| 700 |
1 |
|
|a Smith, Jerry D.
|
| 999 |
|
|
|a MARS
|
| 999 |
f |
f |
|s 202de8c5-862e-38ab-b66a-8034507f03d0
|i 937cf371-fe11-3685-ba55-a49c83a59b52
|t 0
|
| 952 |
f |
f |
|p ric
|a Texas A&M University
|b Rellis Campus
|c Joint Library Facility
|d Remote Storage
|t 0
|e HF5485 .W35 1988
|h Library of Congress classification
|i unmediated -- volume
|m A14811090227
|
| 998 |
f |
f |
|a HF5485 .W35 1988
|t 0
|l Remote Storage
|